Detalles MARC
| 000 -Cabecera |
| Campo de control de longitud fija |
01482aam a2200505 4500 |
| 005 - Fecha y hora de la última transacción |
| Campo de control |
20241129143437.0 |
| 008 - Elementos de longitud fija--Información general |
| Campo de control de longitud fija |
150715b xxu||||| |||| 00| 0 spa d |
| 041 ## - Idioma |
| Código de idioma |
|
| 082 ## - Clasificación Decimal Dewey |
| Número de clasificación |
658.312.404 G733c |
| 100 ## - Entrada principal--Autor personal |
| Nombre personal |
Grados, Jaime |
| 9 (RLIN) |
31327 |
| 245 ## - Título propiamente dicho |
| Título |
Capacitación y desarrollo del personal |
| 250 ## - Edición |
| Mención de edición |
2 edición |
| 260 ## - Pie de imprenta |
| Lugar de publicación, distribución, etc. |
México |
| 260 ## - Pie de imprenta |
| Nombre del editor, distribuidor, etc. |
Trillas |
| 260 ## - Pie de imprenta |
| Fecha de publicación, distribución, etc. |
2004 |
| 300 ## - Descripción física |
| Extensión |
361 páginas |
| 650 ## - Materia general |
| Temática (materia general) |
ADMINISTRACIÓN DE PERSONAL |
| 650 ## - Materia general |
| Temática (materia general) |
PERSONAL |
| 650 ## - Materia general |
| Temática (materia general) |
DIRECCIÓN |
| 650 ## - Materia general |
| Temática (materia general) |
EMPPLEADOS |
| 650 ## - Materia general |
| Temática (materia general) |
CAPACITACIÓN |
| 650 ## - Materia general |
| Temática (materia general) |
DESARROLLO PERSONAL |
| 650 ## - Materia general |
| Temática (materia general) |
ASPECTOS TÉCNICOS DE LA CAPACITACIÓN |
| 650 ## - Materia general |
| Temática (materia general) |
ORGANIZACIÓN |
| 650 ## - Materia general |
| Temática (materia general) |
ADMINISTRACIÓN |
| 650 ## - Materia general |
| Temática (materia general) |
EVALUACIÓN |
| 650 ## - Materia general |
| Temática (materia general) |
PARTICULARIDADES DE LA CAPACITACIÓN |
| 650 ## - Materia general |
| Temática (materia general) |
CAPACITACIÓN DE PERSONAL |
| 650 ## - Materia general |
| Temática (materia general) |
APOYOS DIDÁCTICOS |
| 650 ## - Materia general |
| Temática (materia general) |
TÉCNICAS |
| 650 ## - Materia general |
| Temática (materia general) |
TEORÍA PSICOANALÍTICA |
| 650 ## - Materia general |
| Temática (materia general) |
PROCESO DE CAPACITACIÓN |
| 650 ## - Materia general |
| Temática (materia general) |
INSTRUCTOR |
| 650 ## - Materia general |
| Temática (materia general) |
CARACTERISTICAS DEL INSTRUCTOR |
| 650 ## - Materia general |
| Temática (materia general) |
COMUNICACIÓN |
| 650 ## - Materia general |
| Temática (materia general) |
INSTALACIONES DEL AULA DE CAPACITACIÓN |
| 650 ## - Materia general |
| Temática (materia general) |
TÉCNICAS DE ENSEÑANZA-APRENDIZAJE |
| 650 ## - Materia general |
| Temática (materia general) |
ELECCIÓN DE TÉCNICAS |
| 650 ## - Materia general |
| Temática (materia general) |
APOYOS DIDÁCTICOS |
| 650 ## - Materia general |
| Temática (materia general) |
MARCO LEGAL DEL PROCESO DE CAPACITACIÓN |
| 650 ## - Materia general |
| Temática (materia general) |
PLANEACIÓN DE LA CAPACITACIÓN |
| 650 ## - Materia general |
| Temática (materia general) |
EVALUACIÓN Y SEGUIMIENTO DE LA CAPACITACIÓN |
| 942 ## - Punto de acceso adicional KOHA |
| Tipo de ítem KOHA |
Libro |
| Fuente del sistema de clasificación o colocación |
Dewey Decimal Classification |